000 00684ata a2200265 4500
005 20260427183618.0
008 150624b2003 xxu||||| |||| 00| 0 spa d
020 _a9508083441
041 _aESP
082 _a371.302.81 AC188q2
100 _aActis, Beatriz
_936907
245 _a¿Qué, cómo y para qué leer?: un libro sobre libros
250 _a2 edición
260 _aArgentina
260 _bHomosapiens
260 _c2003
300 _a120 páginas
490 _aTemática General
650 _aTÉCNICAS DE ESTUDIO
650 _aLECTURA
650 _aAPRENDIZAJE
650 _aMATERIAL DOCENTES
650 _aACTUALIZACIÓN PROFESIONAL
942 _cBK
_2ddc
999 _c6286
_d6286